5 Best, 5 Positions, 5 Years- Chelsea 2004-2009 - Statistics

General Stats
  • This quiz has been taken 50 times
  • The average score is 18 of 25
Answer Stats
Hint Answer % Correct
Centre-Forwards1. Ivory Coast Didier Drogba
100%
Attacking-Midfielders1. England Frank Lampard
98%
5. Ukraine Andriy Shevchenko
90%
Centre-Backs1. England John Terry
90%
4. Germany Michael Ballack
90%
2. Ghana Michael Essien
85%
Defensive-Midfielders1. France Claude Makelele
83%
Full-Backs1. England Ashley Cole
80%
3. Serbia Branislav Ivanovic
80%
2. Serbia Branislav Ivanovic
80%
4. Argentina Hernan Crespo
78%
2. England Joe Cole
78%
2. France Nicolas Anelka
78%
2. Portugal Ricardo Carvalho
78%
3. Iceland Eidur Gudjohnsen
73%
3. Nigeria John Obi Mikel
71%
4. Netherlands Arjen Robben
68%
5. Portugal Deco
66%
4. Portugal Jose Bosingwa
61%
3. Ivory Coast Salomon Kalou
61%
3. Portugal Paulo Ferreira
59%
4. France William Gallas
56%
5. Brazil Alex
51%
5. England Wayne Bridge
37%
5. France Lassana Diarra
29%
No matching quizzes found
Score Distribution
Percent of People with Each Score
Percentile by Number Answered
Your Score History
You have not taken this quiz